| 000 | 01380nam1a22003491 4500 | ||
|---|---|---|---|
| 001 | RU\NLR\A1\33236 | ||
| 005 | 20260405054032.0 | ||
| 035 | _a(NLR Aleph) 009683377 | ||
| 090 |
_a9710017 _c9710017 |
||
| 100 | _a19970804d1775 u y0rusy50 ca | ||
| 101 | 1 |
_arus _bfre _ceng |
|
| 102 | _aRU | ||
| 200 | 1 |
_aЖизнь и приключения Робинзона Круза природнаго агличанина. _fПереведена с французскаго Яковом Трусовым |
|
| 205 | _a2-е изд. | ||
| 210 |
_aСПб. _cПри Имп. Акад. наук _d1775 |
||
| 215 | _d8° | ||
| 304 | _aНа тит. л. ч.2 указаны только инициалы пер.: Я.Т. | ||
| 321 | 1 | _aСК XVIII 8825 | |
| 463 | 0 |
_1001RU\NLR\A1\33237 _913289779 _p[2], 300, [2] с. _tЧ.1 |
|
| 463 | 0 |
_1001RU\NLR\A1\33238 _913289780 _p[2], 264 с. _tЧ.2 |
|
| 700 | 1 |
_6z01700 _aДефо _bД. _fок. 1660-1731 _gДаниэль _4070 |
|
| 700 | 1 |
_8eng _7ba _aDefoe _bD. _fок.1660-1731 _gDaniel _3RU\NLR\AUTH\7717829 _9914 |
|
| 702 | 1 |
_6z02790 _aТрусов _bЯ.И. _gЯков Иванович _4730 |
|
| 712 | 0 | 2 |
_aАкадемическая типография _cСанкт-Петербург _4610 |
| 790 | 0 |
_6z02702 _aЯ.Т. |
|
| 801 | 0 |
_aRU _bNLR _c19970804 |
|
| 899 | _aРГБ | ||
| 899 | _aРГБ | ||
| 942 | _cBOOK | ||
| 980 | _aNB | ||
| 980 | _aA1XVIIIv | ||